Statistics for Top 17 Celebrated Holidays in USA

Click here to take the quiz!

General Stats

  • This quiz has been taken 44 times
  • The average score is 9 of 17

Answer Stats

Answer% Correct
Thanksgiving
90%
Easter
82%
Independence Day
79%
Halloween
74%
New Years Eve
67%
Christmas Day
64%
Labor Day
56%
Valentine's Day
56%
St Patrick's day
51%
Memorial Day
49%
President's Day
49%
Veterans Day
41%
Mother's Day
33%
Father's Day
28%
Cinco de Mayo
26%
Martin Luther King Jr Day
26%
April Fool's
21%

Score Distribution

Percentile by Number Answered

Percent of People with Each Score

Your Score History

You have not taken this quiz